ბათუმის შოთა რუსთაველის სახელმწიფო უნივერსიტეტის ბიბლიოთეკა

Inclusive Pedagogy Across the Curriculum / (ბიბ.ჩანაწერი № 57875)

000 -LEADER
fixed length control field 01160nam a22002417a 4500
005 - DATE AND TIME OF LATEST TRANSACTION
control field 20210323124658.0
008 - FIXED-LENGTH DATA ELEMENTS--GENERAL INFORMATION
fixed length control field 210323s2015 enk||||| |||| 00| 0 eng d
020 ## - INTERNATIONAL STANDARD BOOK NUMBER
International Standard Book Number 9781784416485
041 ## - LANGUAGE CODE
Language code of text/sound track or separate title eng
080 ## - UNIVERSAL DECIMAL CLASSIFICATION NUMBER
Universal Decimal Classification number 376.2 I-57
245 ## - TITLE STATEMENT
Title Inclusive Pedagogy Across the Curriculum /
Statement of responsibility, etc. Edited by Chris Forlin; Volume editor Joanne Deppeler , Volume editor Tim Loreman , Volume editor Lani Florian , Volume editor Ron Smith
264 ## - PRODUCTION, PUBLICATION, DISTRIBUTION, MANUFACTURE, AND COPYRIGHT NOTICE
Place of production, publication, distribution, manufacture Bingley :
Name of producer, publisher, distributor, manufacturer Emerald Publishing,
Date of production, publication, distribution, manufacture, or copyright notice 2015.
300 ## - PHYSICAL DESCRIPTION
Extent 293 p.
Other physical details 24 cm.
440 ## - SERIES STATEMENT/ADDED ENTRY--TITLE
Title International Perspectives on Inclusive Education;
9 (RLIN) 10656
Volume/sequential designation Volume 7.
653 ## - INDEX TERM--UNCONTROLLED
keyword ინკლუზიური პედაგოგიკა სასწავლო გეგმის მასშტაბით
653 ## - INDEX TERM--UNCONTROLLED
keyword განათლება
700 ## - ADDED ENTRY--PERSONAL NAME
Personal name Deppeler , Joanne
Relator term რედაქტორი
9 (RLIN) 10657
700 ## - ADDED ENTRY--PERSONAL NAME
Personal name Loreman , Tim
Relator term რედაქტორი
9 (RLIN) 10658
700 ## - ADDED ENTRY--PERSONAL NAME
Personal name Florian , Lani
Relator term რედაქტორი
9 (RLIN) 10659
700 ## - ADDED ENTRY--PERSONAL NAME
Personal name Ron Smith ,
Relator term რედაქტორი
9 (RLIN) 10660
700 ## - ADDED ENTRY--PERSONAL NAME
Personal name Forlin, Chris
Relator term სერიის რედაქტორი
9 (RLIN) 10661
942 ## - ADDED ENTRY ELEMENTS (KOHA)
Source of classification or shelving scheme
Koha item type წიგნი
ეგზემპლარები
Withdrawn status Lost status Source of classification or shelving scheme Damaged status Not for loan Permanent Location Current Location Shelving location Date acquired Cost, normal purchase price Full call number Barcode Date last seen Copy number Price effective from Koha item type Public note
          ბათუმის შოთა რუსთაველის სახელმწიფო უნივერსიტეტის მთავარი ბიბლიოთეკა ბათუმის შოთა რუსთაველის სახელმწიფო უნივერსიტეტის მთავარი ბიბლიოთეკა წიგნსაცავი 2021-03-23 396.00 376.2 I-57 61254 2021-03-23 61254 2021-03-23 წიგნი 396 ლ.
          ბათუმის შოთა რუსთაველის სახელმწიფო უნივერსიტეტის მთავარი ბიბლიოთეკა ბათუმის შოთა რუსთაველის სახელმწიფო უნივერსიტეტის მთავარი ბიბლიოთეკა წიგნსაცავი 2021-03-24 366.00 376.2 I-57 61267 2021-03-24 61267 2021-03-24 წიგნი 366 ლ.